000 00743nam a2200253Ia 4500
003 OSt
005 20221005062402.0
006 a|||||r|||| 00| 0
007 ta
008 221004b |||||||| |||| 00| 0 eng d
020 _a9780415773812 (pbk)
_c758.34
024 _a90902
037 _b119, 20/11/2008, Sethi Book House
_cTextual
040 _aCRL
_cCRL
_beng
041 _2eng
_aeng
082 _aR3xN08, P4
100 _aMerleau - Ponty Maurice
_912254
245 0 _aWorld of perception
260 _aLondon
_bRoutledge UK
_c2008
300 _aviii, 95p.
_ccm.
650 _aPHILOSOPHY
942 _hR3xN08, P4
_cTEXL
_2cc
999 _c969605
_d969605